| 000 | 02109nam a22002657a 4500 | ||
|---|---|---|---|
| 001 | 10152 | ||
| 003 | FISKH | ||
| 005 | 20260428105029.0 | ||
| 008 | 260428b cb ||||| |||| 00| 0 eng d | ||
| 020 | _a9789924342021 | ||
| 040 |
_aFISKH _bkhr _cFISKH _dFISKH |
||
| 082 | _a155.42 | ||
| 100 | _aKekeno , Jacqueline | ||
| 245 |
_a១១សំណួរពីវ័យជំទង់ ការឆ្លងពីវ័យកុមារទៅពេញវ័យ / _cនិពន្ធដោយ ហ្សាក់គ្លីន គែកឺណូ |
||
| 260 |
_aPhnom Penh : _bSipar , _c2024 . |
||
| 300 |
_a50 pages : _bcolor illustrations ; _c21 cm . |
||
| 490 | _aមគ្គុទេសក៏សម្រាប់យុវវ័យ | ||
| 520 | _aវ័យជំទង់ជាដំណាក់កាលផ្លាស់ប្តូរខ្លាំងបំផុតរបស់មនុស្សម្នាក់ៗគឺផ្លាស់ប្តូរផ្នែករាងកាយនិងចិត្តគំនិត ហើយក្នុងពេលនេះដែរក៏មានការយល់ច្រឡំច្រើន និងការចង់ស្គាល់បទពិសោធន៏ថ្មីៗជាច្រើននៅក្នុងជីវិត ។ សៀវភៅនេះជាមគ្គុទេសក៏មួយដែលចាំបាច់សម្រាប់ការយល់ដឹងអំពីការឆ្លងពីវ័យកុមារទៅពេញវ័យ ។ | ||
| 520 | _aAdolescence is the stage of life with the most significant changes for each individual, involving both physical and psychological development. During this time, there are also many misunderstandings and a strong curiosity to explore new experiences in life. This book serves as an essential guide to understanding the transition from childhood to adulthood. | ||
| 650 | _aយុវជន -- មគ្គុទេសក៍ | ||
| 650 | _a Young adults -- Guidance | ||
| 700 |
_aRotha , Ouk _eIllustrator |
||
| 942 |
_2ddc _cKHB _n0 |
||
| 999 |
_c10152 _d10152 |
||